Tough puzzles for smart kids / (Record no. 7038)

MARC details
000 -LEADER
fixed length control field 01214nam a22002897a 4500
001 - CONTROL NUMBER
control field 7038
003 - CONTROL NUMBER IDENTIFIER
control field FISKH
005 - DATE AND TIME OF LATEST TRANSACTION
control field 20250619102356.0
008 - FIXED-LENGTH DATA ELEMENTS--GENERAL INFORMATION
fixed length control field 250619b cb ||||| |||| 00| 0 eng d
020 ## - INTERNATIONAL STANDARD BOOK NUMBER
International Standard Book Number 9781936140404
040 ## - CATALOGING SOURCE
Original cataloging agency FISKH
Language of cataloging eng
Transcribing agency FISKH
Modifying agency FISKH
050 ## - LIBRARY OF CONGRESS CALL NUMBER
Classification number PZ7
082 ## - DEWEY DECIMAL CLASSIFICATION NUMBER
Classification number 793.73
100 ## - MAIN ENTRY--PERSONAL NAME
Personal name Stickels, Terry
245 ## - TITLE STATEMENT
Title Tough puzzles for smart kids /
Statement of responsibility, etc. Created by Terry Stickels ; illustrations by Steve Harpster
260 ## - PUBLICATION, DISTRIBUTION, ETC.
Place of publication, distribution, etc. Water Town :
Name of publisher, distributor, etc. Imagine Publishing,
Date of publication, distribution, etc. 2012.
300 ## - PHYSICAL DESCRIPTION
Extent 80 pages :
Other physical details color illustrations ;
Dimensions 26 cm
505 ## - FORMATTED CONTENTS NOTE
Formatted contents note Q<br/>
520 ## - SUMMARY, ETC.
Summary, etc. Smart solvers will have a blast putting together jigsaw-style pieces to create larger shapes, decoding cryptograms to reveal a secret message, and investigating optical illusions. With futoshiki to tackle, wickedly difficult mazes to weave through, and loads of wordplay, this compilation offers hours of satisfaction.<br/>
521 8# - TARGET AUDIENCE NOTE
Target audience note 660<br/>
Source Lexile estimate <br/>
521 8# - TARGET AUDIENCE NOTE
Target audience note Q<br/>
Source Raz-Plus<br/>
650 ## - SUBJECT ADDED ENTRY--TOPICAL TERM
Topical term or geographic name entry element Puzzles & Brain Teasers
Form subdivision Word Play
General subdivision Optical Illusions
650 ## - SUBJECT ADDED ENTRY--TOPICAL TERM
Form subdivision Logic Games
General subdivision Critical Thinking
Chronological subdivision STEM Activity
700 ## - ADDED ENTRY--PERSONAL NAME
Personal name Harpster, Steve
Relator term illustrator
942 ## - ADDED ENTRY ELEMENTS (KOHA)
Source of classification or shelving scheme Dewey Decimal Classification
Koha item type Books
Suppress in OPAC No
Holdings
Withdrawn status Lost status Source of classification or shelving scheme Damaged status Not for loan Collection Home library Current library Shelving location Date acquired Total Checkouts Full call number Barcode Date last seen Copy number Price effective from Koha item type
    Dewey Decimal Classification     Reference Footprints International School Library Network Toul Kork Campus Footprints International School Library Network Toul Kork Campus Librarian's Shelf TK 06/19/2025   STI 793.73 PZ7 2025-1661 06/19/2025 1 06/19/2025 Books